00751nam a22002057a 450000500170000001000150001702000260003203500140005803700130007208200100008510000250009524500700012026000400019027000790023030000240030950000470033394200240038099900190040495201220042320180830163823.0 aENG-123937 a9789352806812c475.00 aEN-107469 bDBAD/PUB00a658.3 aKandula, Srinivas R.10aInternational human resource management /cby Srinivas R. Kandula aNew Delhi bSAGE Publicationsc2018 aB1/I-1 Mohan Cooperative Industrial Area, Mathura RoadbNew Delhi e110044 axv,361p.c25m.(pbk) aIt includes author index and subject index 2ddccENh658.3mKAN c156730d156730 001040718NFICaDBADbBNd2018-08-30eDBAD/PUBg475.00l0o658.3 KANpEN-107469r2018-08-30 00:00:00t1v475.00yEN